| 000 | 00681nam a2200205Ii 4500 | ||
|---|---|---|---|
| 001 | 3674 | ||
| 003 | CO-ViMGA | ||
| 008 | 241108s9999||||xx |||||||||||||| ||und|| | ||
| 040 |
_aCO-ViMGA _bspa _erda _cCO-ViMGA |
||
| 041 | 0 | _aspa | |
| 082 | 0 | 4 | _a338.9009861 C718g |
| 110 | 1 |
_aColombia. Presidente [1990-1994 : Gaviria Trujillo], _952936 |
|
| 245 | 1 | 0 |
_aLas bases de la Nueva Colombia: _bEl revolcón Institucional 1990-1994 |
| 264 | 1 | _aBogotá, Colombia : Presidencia de la República, 1994 | |
| 300 | _avolumen | ||
| 336 |
_atext _btxt _2rdacontent |
||
| 337 |
_aunmediated _bn _2rdamedia |
||
| 338 |
_avolume _bnc _2rdacarrier |
||
| 940 | _aidficha_siabuc: 3586. -- ficha_no_siabuc:3674 | ||
| 999 |
_c48137 _d48137 |
||